00852nam a2200229 i 4500001000700000003000700007005001700014008004100031080003100072080002300103100005100126245006300177260005500240300002200295490002600317600004000343600002700383830003400410852003600444999001900480952012300499184965SpMaBN20250627063703.0160229s1945 sp |||| |cspa d a929 Ignacio de Loyola, San a929 Luther, Martin1 aGonzález Ruiz, Nicolás, d1897-196795894610aSan Ignacio, Lutero b: dos hombres, el santo y el hereje. aBarcelona : bCervantes, c1945 (fImp. Clarasó) a156 p. ; c19 cm.1 aVidas paralelas ; v804aIgnacio de Loyola c, Santo.96514714aLuther, Martin.9748720 aVidas paralelas ; v89183460 aES-MaACLjL-30228 z- enc. tela c184965d184965 00104070aATENEOMbATENEOMcDEPO2d2016-02-29eDONl0oL-30228p1194816r2023-02-23 00:00:00w2023-02-23yMONOGRAFIA